00366cam a2200133ua 4500041001000000082001900010100002000029245008500049260005500134300001200189504000500201942000700206999001900213 aengh a828.09bLOF/CO aLoftis, John . aComedy and society from congreve to fielding / cJohn Lottis.hTextual Documents aCalifornia : bStanford University Press , c1960. a154 ; . a cBK c336152d336152